00352nam a2200097Ia 4500008004100000082002400041100003500065245008500100260006100185300000800246190415s9999 xx 000 0 und d a338.900954162 NAT-E aKrishna Kanta Handiqui State O 0aEconomic development of Assam in the context of North-East juxtaposition and loo aGuwahatibKrishna Kanta Handiqui State Open Univerc2010 a148